000
00198 a2200109 4500
020
_a
0395459893
041
_a
eng
100
_a
Wanda Gag
245
_a
Millions of Cats
942
_c
BK
952
_7
1
999
_c
22683
_d
22683